[Event "Biel op MTO"]
[Site "Biel"]
[Date "1997.??.??"]
[Round "4"]
[White "Vehi Bach, Victor Manuel"]
[Black "Palac, Mladen"]
[Result "1/2-1/2"]
[WhiteElo "2395"]
[BlackElo "2575"]

1.e4 c5 2.Nf3 d6 3.d4 cxd4 4.Nxd4 Nf6 5.Nc3 a6 6.Be3 e6 7.Be2 Qc7 8.f4 b5
9.Bf3 Bb7 10.e5 dxe5 11.Bxb7 exd4 12.Bxa8 dxe3 13.Qf3 Ba3 14.bxa3 Qxc3+ 15.Ke2 Qd2+
16.Kf1 O-O 17.Qe2 Qd4 18.Re1 Qxf4+ 19.Bf3 Rc8 20.Qxe3 Qxe3 21.Rxe3 Rxc2 22.Re2 Rc3
23.Kf2 Nbd7 24.Re3 Rc2+ 25.Re2 Rc3 26.Re3 Rc2+ 27.Re2 Rc4 28.Rd1 g5 29.h3 h5
30.Bxh5 Ra4 31.Re3 Nb6 32.Rd8+ Kg7 33.Bd1 Rf4+ 34.Bf3 Rc4  1/2-1/2

[Event "Biel op MTO"]
[Site "Biel"]
[Date "1997.??.??"]
[Round "9"]
[White "Klovans, Janis"]
[Black "Palac, Mladen"]
[Result "0-1"]
[WhiteElo "2465"]
[BlackElo "2575"]

1.e4 c5 2.Nf3 d6 3.d4 cxd4 4.Nxd4 Nf6 5.Nc3 a6 6.Be3 e6 7.Be2 Qc7 8.a4 Nc6
9.O-O Be7 10.f4 O-O 11.Kh1 Re8 12.a5 Nxa5 13.e5 dxe5 14.fxe5 Qxe5 15.Bf4 Qc5
16.Na4 Qa7 17.Bc7 b5 18.Bxa5 bxa4 19.Bf3 Bb7 20.Nc6 Qe3 21.Rxa4 Bf8 22.Bc3 Qc5
23.Bd4 Qd6 24.Ne5 Bxf3 25.Qxf3 Qd7 26.Qf4 Bd6 27.Bc3 Rac8 28.Ra5 Bxe5 29.Bxe5 Ng4
30.Qg3 Nxe5 31.Rxe5 Rxc2  0-1

[Event "Bled op18th"]
[Site "Bled"]
[Date "1997.??.??"]
[Round "2"]
[White "Bozanic, Ivica"]
[Black "Florjancic, Rudolf"]
[Result "1-0"]
[WhiteElo "2305"]
[BlackElo "2125"]

1.e4 c5 2.Nf3 d6 3.d4 cxd4 4.Nxd4 Nf6 5.Nc3 a6 6.Be3 e6 7.Qd2 Qc7 8.f3 Be7
9.g4 b6 10.O-O-O Bb7 11.h4 Nbd7 12.g5 Nh5 13.Rg1 Ne5 14.f4 Nc4 15.Bxc4 Qxc4
16.f5 Rc8 17.e5 O-O 18.f6 Bd8 19.exd6 b5 20.Qe2 Qxe2 21.Ncxe2 Be4 22.Nf4 Nxf4
23.Bxf4 Bb6 24.c3 Rfd8 25.Rge1 Bg6 26.Nb3 Rd7 27.Be3 Rc6 28.Bxb6 Rxb6 29.Nc5 Rdxd6
30.Nb7 Rxd1+ 31.Rxd1 gxf6 32.gxf6 h5 33.Rd8+ Kh7 34.Nd6 Rc6 35.Rd7 Kg8 36.Rd8+ Kh7
37.Rd7 Kg8 38.Kd2 Rc5 39.Ke3 Rd5 40.Rd8+ Kh7 41.Kf4 Rc5 42.Rf8 a5 43.Nxf7 Bxf7
44.Rxf7+ Kg6 45.Rf8 b4 46.cxb4 axb4 47.Rb8 Kxf6 48.Rxb4 Rc1 49.a4 Rg1 50.Kf3 Kf5
51.Rb3 Rg4 52.a5 Rxh4 53.Ra3 Rb4 54.a6 Rb8 55.Ra5+ e5 56.a7 Ra8 57.Ra6 h4
58.b4 h3 59.b5 h2 60.Kg2 e4 61.b6 e3 62.b7 Rh8 63.Kh1 e2 64.Ra1 Rd8 65.Kxh2 Rd1
66.Ra5+ Ke4 67.Re5+ Kxe5 68.b8=Q+ Kd4 69.Qb4+ Ke3 70.a8=Q  1-0

[Event "Bourbon Lancy op"]
[Site "Bourbon Lancy"]
[Date "1997.??.??"]
[Round "1"]
[White "Sokolov, Andrei"]
[Black "Gerard, Nicolas"]
[Result "1-0"]
[WhiteElo "2585"]
[BlackElo "2270"]

1.e4 c5 2.Nf3 d6 3.d4 cxd4 4.Nxd4 Nf6 5.Nc3 a6 6.Be3 e5 7.Nb3 Be7 8.Qd2 Be6
9.f3 O-O 10.O-O-O a5 11.Bb5 Nc6 12.Kb1 Qb8 13.a3 a4 14.Nc1 Ne8 15.Bxa4 Nc7
16.Bb3 b5 17.Nd5 Bxd5 18.exd5 Na5 19.Na2 Qb7 20.Nb4 Na6 21.Nc6 Nxc6 22.dxc6 Qc7
23.f4 Rad8 24.Rhf1 Qxc6 25.fxe5 dxe5 26.Qxd8 Rxd8 27.Rxd8+ Bxd8 28.Rxf7 Qe8
29.Re7+ Kf8 30.Rxe8+ Kxe8 31.Bg8 h6 32.b4 Kd7 33.c4 bxc4 34.Bxc4 Nc7 35.Kc2 e4
36.a4 Be7 37.b5 Ne6 38.Bxe6+ Kxe6 39.a5 Kd7 40.a6 Kc8 41.Kc3 Bd6 42.h3  1-0

[Event "Slovan op"]
[Site "Bratislava"]
[Date "1997.??.??"]
[Round "2"]
[White "Gutdeutsch, Otto"]
[Black "Vanina, L."]
[Result "1/2-1/2"]
[WhiteElo "2185"]
[BlackElo "2630"]

1.e4 c5 2.Nf3 d6 3.d4 cxd4 4.Nxd4 Nf6 5.Nc3 a6 6.Be3 Qc7 7.Be2 Nc6 8.Nb3 g6
9.O-O Bg7 10.f4 O-O 11.Kh1 b5 12.Bf3 e6 13.Qd2 Bb7 14.Rae1 Rac8 15.Qf2 Nd7
16.e5 d5 17.Ne2 Ne7 18.c3 Nf5 19.Bd2 Nc5 20.Nxc5 Qxc5 21.g4 Qxf2 22.Rxf2 Nh4
23.Nd4 Nxf3 24.Rxf3 Rfd8 25.a3 Bf8 26.f5 exf5 27.gxf5 Re8 28.f6 h5 29.e6 Bd6
30.Rg1 Kf8 31.Rxg6 fxg6 32.Bh6+ Kg8 33.f7+ Kh8 34.fxe8=Q+ Rxe8 35.Rf7 Bc8
36.Bg5 Kg8 37.Ra7 Bc5 38.Ra8 Kf8 39.Kg2 Bb7 40.Rd8 Rxd8 41.Bxd8 Be7 42.Bb6 Bd6
43.Bd8 Be7 44.Bc7 Ke8 45.Kf3 Bg5 46.Bf4 Bf6 47.Bd6 Be7 48.Be5 Bg5 49.Bf4 Bf6  1/2-1/2

[Event "Ciocaltea mem"]
[Site "Bucharest"]
[Date "1997.??.??"]
[Round "8"]
[White "Solak, Dragan"]
[Black "Istratescu, Andrei"]
[Result "1/2-1/2"]
[WhiteElo "2355"]
[BlackElo "2545"]

1.e4 c5 2.Nf3 d6 3.d4 cxd4 4.Nxd4 Nf6 5.Nc3 a6 6.Be3 e5 7.Nb3 Be6 8.Qd2 Be7
9.f3 O-O 10.O-O-O b5 11.g4 b4 12.Nd5 Bxd5 13.exd5 a5 14.Kb1 Qc7 15.g5 Nfd7
16.h4 Nb6 17.Nc5 a4 18.Bb5 Ra5 19.Qxb4 Rxb5 20.Qxb5 dxc5 21.d6 Bxd6 22.Rxd6 Qxd6
23.Bxc5 Qd5 24.Qxb6 Nd7 25.Qd6 Qxf3 26.Re1 Nxc5 27.Qxc5  1/2-1/2

[Event "Budapest FS03 IM-A"]
[Site "Budapest"]
[Date "1997.??.??"]
[Round "1"]
[White "Pinski, Jan"]
[Black "Szabo, Zsolt"]
[Result "1/2-1/2"]
[WhiteElo "2245"]
[BlackElo "2355"]

1.e4 c5 2.Nf3 d6 3.d4 cxd4 4.Nxd4 Nf6 5.Nc3 a6 6.Be3 e5 7.Nb3 Be6 8.f3 Nbd7
9.Qd2 b5 10.a4 b4 11.Nd5 Bxd5 12.exd5 Nb6 13.Bxb6 Qxb6 14.a5 Qb7 15.Bc4 Be7
16.Ra4 Rb8 17.Qd3 O-O 18.Bxa6 Qxd5 19.Qxd5 Nxd5 20.Kf2 Nc7 21.Be2 d5 22.a6 Rb6
23.Rc1 Bg5 24.Rca1 Ra8 25.a7 Be7 26.Ra5 Rb7 27.Bd3 g6 28.Ke1 Kg7 29.R1a4 f5
30.Kd2 Bg5+ 31.Kd1 Be3 32.Ke2 Bg1 33.Ra1 Bb6 34.R5a4 Rbxa7 35.Rxb4 Rxa1 36.Nxa1 Bc5
37.Rb7 Bd6 38.Nb3 e4 39.Bb5 Ra2 40.fxe4 dxe4 41.Nd4 Rxb2 42.Ne6+ Kh6 43.Nxc7 Rxc2+
44.Kd1 Rxg2 45.Ne8 Bxh2 46.Nf6 Kg5 47.Nxh7+ Kf4 48.Nf6 e3 49.Re7 Rd2+ 50.Ke1 Bg3+
51.Kf1 Rd6 52.Nd7 Rd1+ 53.Kg2 Rd2+ 54.Kf1 Bf2 55.Be2 g5 56.Ne5 Kg3 57.Rg7 Ra2
58.Rxg5+ Kf4 59.Nf3  1/2-1/2

[Event "Budapest FS04 IM"]
[Site "Budapest"]
[Date "1997.??.??"]
[Round "6"]
[White "Gudat, Alfons"]
[Black "Mas, Hafizulhelmi"]
[Result "0-1"]
[WhiteElo "2115"]
[BlackElo "2315"]

1.e4 c5 2.Nf3 d6 3.d4 cxd4 4.Nxd4 Nf6 5.Nc3 a6 6.Be3 Ng4 7.Bg5 h6 8.Bh4 g5
9.Bg3 Bg7 10.Be2 h5 11.h3 h4 12.Bxg4 hxg3 13.fxg3 Bxg4 14.Qxg4 Bxd4 15.Qxg5 e6
16.Qd2 Qf6 17.O-O-O Nc6 18.Rdf1 Qh6 19.Rf4 Be5  0-1

[Event "Budapest FS12 IM-A"]
[Site "Budapest"]
[Date "1997.??.??"]
[Round "6"]
[White "Karatorossian, David"]
[Black "Peredy, Ferenc"]
[Result "1/2-1/2"]
[WhiteElo "2335"]
[BlackElo "2430"]

1.e4 c5 2.Nf3 d6 3.d4 cxd4 4.Nxd4 Nf6 5.Nc3 a6 6.Be3 Ng4 7.Bg5 h6 8.Bh4 g5
9.Bg3 Bg7 10.Qd2 Nc6 11.Nb3 f5 12.exf5 Bxf5 13.h4 Qd7 14.Be2 Nb4 15.Rc1 gxh4
16.Rxh4 Bf6 17.Rh1 h5 18.a3 Nc6 19.Rd1 O-O-O 20.Nd5 Qe6 21.f3 Nge5 22.Nxf6 Qxf6
23.Nd4 Rhg8 24.Rh4 Qg6 25.Nxf5 Qxf5 26.f4 Ng4 27.Bf3 Rg6 28.Bd5 Nf6 29.Bf3 Ng4
30.Bd5 Nf6  1/2-1/2

[Event "Budapest FS12 IM-B"]
[Site "Budapest"]
[Date "1997.??.??"]
[Round "7"]
[White "Rodriguez Lopez, Rafael"]
[Black "Zemerov, Vladimir"]
[Result "1/2-1/2"]
[WhiteElo "2325"]
[BlackElo "2325"]

1.e4 c5 2.Nf3 d6 3.d4 cxd4 4.Nxd4 Nf6 5.Nc3 a6 6.Be3 Ng4 7.Bg5 h6 8.Bh4 g5
9.Bg3 Bg7 10.Be2 h5 11.Bxg4 Bxg4 12.f3 Bd7 13.Bf2 e6 14.O-O Be5 15.Qd2 Nc6
16.Nxc6 Bxc6 17.Be3 Rg8 18.Rad1 Qe7 19.Bd4 O-O-O 20.Ne2 g4 21.f4 Bxd4+ 22.Qxd4 f5
23.Nc3 fxe4 24.Nxe4 h4 25.c4 Bxe4 26.Qxe4 g3 27.h3 Rge8 28.Rd3 Qf6 29.Rd4 Qf5
30.Qe2 Kb8 31.Re4 Rd7 32.Re1 Rf7 33.b4 e5 34.c5 dxc5 35.bxc5 Rc8 36.fxe5 Qf2+
37.Kh1 Rcf8 38.Qxf2 Rxf2 39.Rg1 Rxa2 40.Rxh4 Re2 41.Rh7 Rxe5 42.Rb1 b5 43.cxb6 Rb5
44.Ra1 Rxb6 45.Rg7 Rb3 46.Kg1 a5 47.Rg5 a4 48.Rg4 a3 49.Ra4 Rd8 50.Kf1 Rf8+
51.Kg1  1/2-1/2

[Event "Honved-B"]
[Site "Budapest"]
[Date "1997.??.??"]
[Round "11"]
[White "Horvath, Csaba"]
[Black "Ruck, Robert"]
[Result "1/2-1/2"]
[WhiteElo "2485"]
[BlackElo "2450"]

1.e4 c5 2.Nf3 d6 3.d4 cxd4 4.Nxd4 Nf6 5.Nc3 a6 6.Be3 Ng4 7.Bc1 Nf6 8.Be2 e6
9.O-O Be7 10.f4 O-O 11.Be3 Qc7 12.a4 Nc6 13.Kh1 Re8 14.Bf3 Rb8  1/2-1/2

[Event "Goodricke op"]
[Site "Calcutta"]
[Date "1997.??.??"]
[Round "2"]
[White "Saravanan, V."]
[Black "Nguyen Anh Dung"]
[Result "0-1"]
[WhiteElo "2380"]
[BlackElo "2465"]

1.e4 c5 2.Nf3 d6 3.d4 cxd4 4.Nxd4 Nf6 5.Nc3 a6 6.Be3 e6 7.Qd2 Be7 8.f3 O-O
9.g4 Nc6 10.O-O-O Nxd4 11.Bxd4 b5 12.h4 b4 13.Ne2 e5 14.Be3 Be6 15.Kb1 Qa5
16.Nc1 Rfd8 17.g5 Nh5 18.Bh3 d5 19.Bxe6 fxe6 20.g6 dxe4 21.Qg2 Nf4 22.gxh7+ Kh8
23.Qg4 exf3 24.h5 Bf6 25.h6 g5 26.Qxf3 Rxd1 27.Rxd1 Rd8 28.Rxd8+ Qxd8 29.Qb7 Qe7
30.Qxa6 Kxh7 31.a4 bxa3 32.Qxa3 Qf7 33.Qa7 Qxa7 34.Bxa7 g4 35.c4 e4 36.Kc2 g3
37.b4 g2 38.b5 Kxh6 39.Kd1 Bg5 40.Bc5 Nd3 41.Bf8+ Kh7 42.Ne2 Be3 43.Bd6 Nc1
44.Bc5 Bxc5  0-1

[Event "Goodricke op"]
[Site "Calcutta"]
[Date "1997.??.??"]
[Round "10"]
[White "Zagrebelny, Sergey"]
[Black "Chiong, Luiz"]
[Result "1-0"]
[WhiteElo "2480"]
[BlackElo "2390"]

1.e4 c5 2.Nf3 d6 3.d4 cxd4 4.Nxd4 Nf6 5.Nc3 a6 6.Be3 e6 7.Be2 Be7 8.f4 O-O
9.Bf3 Qc7 10.O-O Nc6 11.Kh1 Nxd4 12.Qxd4 e5 13.Qd2 exf4 14.Bxf4 Be6 15.Rfd1 Rfd8
16.a4 Rac8 17.a5 h6 18.Ra4 Nh7 19.Rb4 Qxa5 20.Rxb7 Bg5 21.Be2 Nf6 22.Bxg5 hxg5
23.Qd4 Rb8 24.b4 Qa3 25.Rxb8 Rxb8 26.b5 axb5 27.Nxb5 Qc5 28.Qxd6 Qxd6 29.Nxd6 Rb2
30.Rd2 g4 31.Kg1 Kf8 32.Kf2 Ke7 33.Ke3 g5 34.Nf5+ Bxf5 35.exf5 Rb1 36.Rd1 Rb2
37.Rd2 Rb1 38.g3 Rb4 39.Rd4 Rb1 40.Rd1 Rb4 41.Ra1 Nd5+ 42.Kd3 Nf6 43.Ra7+ Kf8
44.c4 Rb3+ 45.Kd4 Rb4 46.Bd3 Kg7 47.Kc3 Rb8 48.c5 Rc8 49.Kc4 Ng8 50.Be4 Kf6
51.c6 Ne7 52.Kc5 Rb8 53.Ra2 Rc8 54.Rd2 Ke5 55.Rd7 Nxc6 56.Bxc6 Kxf5 57.Rxf7+ Ke6
58.Rf2 Ke5 59.Re2+ Kf6 60.Kd6 Rb8 61.Rf2+ Kg7 62.Ke7 Rb6 63.Bd7 Rb7 64.Ra2 Kg6
65.Ra6+ Kh5 66.Ra8 Rb6 67.Rh8+ Kg6 68.Rg8+ Kh5 69.Kf7  1-0

[Event "Cappelle op"]
[Site "Cappelle la Grande"]
[Date "1997.??.??"]
[Round "5"]
[White "Blehm, Pawel"]
[Black "Novikov, Igor A"]
[Result "1-0"]
[WhiteElo "2420"]
[BlackElo "2580"]

1.e4 c5 2.Nf3 d6 3.d4 cxd4 4.Nxd4 Nf6 5.Nc3 a6 6.Be3 e6 7.g4 e5 8.Nf5 g6
9.g5 gxf5 10.exf5 d5 11.gxf6 d4 12.Bc4 Qxf6 13.Nd5 Qc6 14.Bxd4 Bb4+ 15.c3 Qxc4
16.Be3 Be7 17.Nb6 Qc6 18.Rg1 Bd8 19.Nxa8 b5 20.Qe2 Nd7 21.Bd4 Bf6 22.Nb6 Nxb6
23.Bxe5 Kf8 24.O-O-O Nc4 25.Rd8+ Ke7 26.Bxf6+ Kxf6 27.Rxh8 Bxf5 28.Qe8 Bd7
29.Qd8+ Ke6 30.Rxh7  1-0

[Event "Capablanca 32th Premier-A"]
[Site "Cienfuegos"]
[Date "1997.??.??"]
[Round "1"]
[White "Leyva, Ricardo"]
[Black "Herrera, Irisberto"]
[Result "1-0"]
[WhiteElo "2370"]
[BlackElo "2450"]

1.e4 c5 2.Nf3 d6 3.d4 cxd4 4.Nxd4 Nf6 5.Nc3 a6 6.Be3 Ng4 7.Bg5 h6 8.Bh4 g5
9.Bg3 Bg7 10.Qd2 Nc6 11.Nb3 f5 12.exf5 Bxf5 13.Bd3 Qd7 14.O-O O-O 15.Nd5 Bxd3
16.Qxd3 Qf5 17.Qc4 Kh8 18.c3 Rac8 19.Rae1 Nge5 20.Qe4 Qxe4 21.Rxe4 e6 22.Nb4 Nxb4
23.Rxb4 Rf7 24.Rd1 Rd7 25.Re4 Rcd8 26.h4 Kg8 27.hxg5 hxg5 28.Nd4 Re8 29.Rde1 Rde7
30.b3 Rc7 31.c4 b6 32.Bxe5 dxe5 33.Nf3 b5 34.cxb5 axb5 35.R1e2 Rc5 36.Nxg5 Rc1+
37.Kh2 Bf6 38.Nf3 Re7 39.g3 Rh7+ 40.Kg2 Rhh1 41.Nxe5  1-0

[Event "Capablanca 32th Premier-A"]
[Site "Cienfuegos"]
[Date "1997.??.??"]
[Round "9"]
[White "Herrera, Irisberto"]
[Black "Vera, Reynaldo"]
[Result "0-1"]
[WhiteElo "2450"]
[BlackElo "2510"]

1.e4 c5 2.Nf3 d6 3.d4 cxd4 4.Nxd4 Nf6 5.Nc3 a6 6.Be3 Nbd7 7.Qd2 b5 8.f3 Bb7
9.a3 Rc8 10.Nb3 e6 11.Bd3 Be7 12.O-O O-O 13.Bd4 Qc7 14.Rae1 Nc5 15.Kh1 Rfd8
16.Qf2 e5 17.Be3 Rd7 18.Rc1 Qb8 19.Be2 Nxb3 20.cxb3 d5 21.exd5 Nxd5 22.Nxd5 Bxd5
23.Rxc8+ Qxc8 24.Rc1 Rc7 25.Rxc7 Qxc7 26.Bd1 e4 27.h3 exf3 28.Bxf3 Bxb3 29.Qd2 g6
30.Bf4 Qc8 31.Be5 Be6 32.Qd4 Bxh3 33.Qa7 Bd7 34.Bb7 Qc1+ 35.Kh2 Qh6+ 36.Kg1 Qc1+
37.Kh2 Qg5 38.Qb8+ Bf8 39.Bxa6 Bc6 40.Bg3 Qd5  0-1

[Event "Corsica rap op"]
[Site "Corsica"]
[Date "1997.??.??"]
[Round "6"]
[White "Prie, Eric"]
[Black "Shneider, Aleksandr"]
[Result "0-1"]
[WhiteElo "2465"]
[BlackElo "2570"]

1.e4 c5 2.Nf3 d6 3.d4 cxd4 4.Nxd4 Nf6 5.Nc3 a6 6.Be3 e6 7.f3 b5 8.Qd2 Bb7
9.O-O-O Nbd7 10.g4 h6 11.h4 b4 12.Nce2 d5 13.Rg1 dxe4 14.g5 hxg5 15.hxg5 exf3
16.gxf6 fxe2 17.Qxe2 gxf6 18.Nxe6 fxe6 19.Qg4 Bd5 20.Qg6+ Ke7 21.Bg2 Bxg2
22.Rxg2 Qc7 23.Rf2 Rc8 24.Bf4 e5 25.Bg5 Qc6  0-1

[Event "CZE-chT2 9697"]
[Site "CZE"]
[Date "1997.??.??"]
[Round "?"]
[White "Reznicek, Tomas"]
[Black "Navara, David"]
[Result "1-0"]
[WhiteElo "2285"]
[BlackElo "2100"]

1.e4 c5 2.Nf3 d6 3.d4 cxd4 4.Nxd4 Nf6 5.Nc3 a6 6.Be3 Ng4 7.Bg5 h6 8.Bh4 g5
9.Nf5 Nf6 10.Bg3 Nxe4 11.Nxe4 Qa5+ 12.c3 Bxf5 13.Bd3 Nc6 14.Qb3 Rb8 15.O-O-O Be6
16.Bc4 Bxc4 17.Qxc4 Qb5 18.Rhe1 Qxc4 19.Nxd6+ Kd7 20.Nxc4+ Ke8 21.Nd6+  1-0

[Event "CZE-chT2 9697"]
[Site "CZE"]
[Date "1997.??.??"]
[Round "?"]
[White "Ptacnikova, Lenka"]
[Black "Belaska, Premysl"]
[Result "1/2-1/2"]
[WhiteElo "2270"]
[BlackElo "2265"]

1.e4 c5 2.Nf3 d6 3.d4 cxd4 4.Nxd4 Nf6 5.Nc3 a6 6.Be3 e6 7.Qd2 Be7 8.f3 Qc7
9.O-O-O Nc6 10.g4 h6 11.h4 Ne5 12.Kb1 b5 13.Qf2 Bb7 14.Nb3 Nfd7 15.Bd3 Nc5
16.Ne2 O-O-O 17.h5 Kb8 18.Nec1 Na4 19.Bd2 Rc8 20.Ba5 Qd7 21.Nd4 Bf6 22.Nce2 Bd8
23.Qe1 Bxa5 24.Qxa5 Qc7 25.Qxc7+ Rxc7 26.Rhg1 d5 27.exd5 Bxd5 28.f4 Nd7 29.c3 Nf6
30.Bc2 Nc5 31.Nc1 Nfe4 32.Nd3 Nxd3 33.Rxd3 Rg8 34.Re3 Nd2+ 35.Kc1 Nc4 36.Re2 Nd6  1/2-1/2

[Event "CZE-chT1b 9697"]
[Site "CZE"]
[Date "1997.??.??"]
[Round "?"]
[White "Koys, Milan"]
[Black "Nemec, Pavel"]
[Result "0-1"]
[WhiteElo "2075"]
[BlackElo "2275"]

1.e4 c5 2.Nf3 d6 3.d4 cxd4 4.Nxd4 Nf6 5.Nc3 a6 6.Be3 e5 7.Nb3 Be6 8.f3 Nbd7
9.Qd2 Rc8 10.O-O-O Qc7 11.g4 Be7 12.Kb1 O-O 13.h4 b5 14.h5 Nb6 15.g5 b4 16.Bxb6 Qxb6
17.Na4 Qc6 18.gxf6 Bxf6 19.Qf2 Qxa4 20.Rxd6 Rfd8 21.Rxd8+ Rxd8 22.Bd3 Qc6
23.Qc5 Qd6 24.Qxd6 Rxd6 25.Nc5 Bc8 26.Rd1 Be7 27.Nb3 Bd8 28.Be2 Rxd1+ 29.Bxd1 g6
30.hxg6 fxg6 31.Nc5 h5 32.Nd3 Bc7 33.Nxb4 h4 34.Be2 a5 35.Nd5 Bd8 36.c4 Bh3
37.Ne3 Bb6 38.Ng4 Bd4 39.Kc2 Bg2 40.a3 a4 41.b4 axb3+ 42.Kxb3 Kf7 43.Kb4 Ke7
44.Kb5 Kd6 45.a4 h3 46.a5 g5 47.a6 Bg1 48.Nh2 Kc7 49.Ng4 h2 50.Nxh2 Bxh2
51.Kc5 g4 52.fxg4 Bxe4 53.Kb5 Bf4 54.c5 Bg2 55.Bc4 Bc6+ 56.Kb4 Bd2+ 57.Kb3 Bf3
58.Kc2 Be3 59.Kd3 Bxc5 60.g5 e4+ 61.Kc3 Bh5 62.Bd5 Bg6 63.Kc4 Kd6 64.Bb7 Ba7
65.Bc8 Ke5 66.Bd7 Bh5  0-1

[Event "CZE-chT2 9697"]
[Site "CZE"]
[Date "1997.??.??"]
[Round "?"]
[White "Suran, Jan"]
[Black "Fajman, Petr"]
[Result "1-0"]
[WhiteElo "2300"]
[BlackElo "2330"]

1.e4 c5 2.Nf3 d6 3.d4 cxd4 4.Nxd4 Nf6 5.Nc3 a6 6.Be3 e6 7.f4 Qc7 8.Qf3 Be7
9.Bd3 Nc6 10.Nb3 e5 11.f5 b5 12.a3 Bb7 13.g4 h6 14.h4 Na5 15.Nxa5 Qxa5 16.g5 hxg5
17.hxg5 Rxh1+ 18.Qxh1 Nd7 19.Qh8+ Bf8 20.Qg8 b4 21.Ne2 d5 22.Kf2 Nc5 23.Rd1 O-O-O
24.Qxf7 dxe4 25.Bc4 bxa3 26.b4 Nd3+ 27.Rxd3 Qxb4 28.Be6+  1-0

[Event "Moravia-chT 9798"]
[Site "CZE"]
[Date "1997.??.??"]
[Round "3.1"]
[White "Firt, Stanislav"]
[Black "Kalod, Radek"]
[Result "1-0"]
[WhiteElo "2335"]
[BlackElo "2450"]

1.e4 c5 2.Nf3 d6 3.d4 cxd4 4.Nxd4 Nf6 5.Nc3 a6 6.Be3 e6 7.g4 h6 8.h4 b5 9.Bg2 Bb7
10.Qe2 g6 11.O-O-O Nbd7 12.g5 hxg5 13.Bxg5 Qb6 14.f4 Nh7 15.Nd5 Qc5 16.Rh3 b4
17.Nb3 Qc8 18.Nxb4 Nxg5 19.Rc3 Qd8 20.hxg5 Qb6 21.Nd5 exd5 22.exd5+ Be7 23.Re3 Ne5
24.Re4 Kf8 25.fxe5 Bxg5+ 26.Kb1 dxe5 27.Rxe5 Bf6 28.Re4 Kg7 29.c4 Rac8 30.Rf1 a5
31.Ref4 Rhe8 32.Qd2 Be5 33.Rxf7+ Kg8 34.Qh6  1-0

[Event "Decin op"]
[Site "Decin"]
[Date "1997.??.??"]
[Round "2"]
[White "Dochev, Dimitar"]
[Black "Novotny, Jaroslav"]
[Result "1-0"]
[WhiteElo "2385"]
[BlackElo "2245"]

1.e4 c5 2.Nf3 d6 3.d4 cxd4 4.Nxd4 Nf6 5.Nc3 a6 6.Be3 e5 7.Nf3 Qc7 8.a4 h6
9.a5 Bd7 10.Be2 Bc6 11.Nd5 Bxd5 12.exd5 Nbd7 13.c4 Be7 14.O-O O-O 15.Nd2 Ne8
16.b4 g5 17.g4 Ng7 18.Bd3 f5 19.gxf5 Nxf5 20.Qg4 Ng7 21.Qe4 Nf5 22.Rac1 Rf7
23.c5 Nh4 24.cxd6 Qxd6 25.Bc5 Qf6 26.d6 Bxd6 27.Bc4 Rf8 28.Rc3 Bxc5 29.bxc5 Kg7
30.Bxf7 Rxf7 31.c6 bxc6 32.Rxc6 Qe7 33.f3 Nf6 34.Qd3 Nh5 35.Qd6 Qa7+ 36.Rb6 Rf6
37.Qc5 Nf4 38.Rfb1 Nd3 39.Rb7+ Kg6  1-0

[Event "Neckar op 1st"]
[Site "Deizisau"]
[Date "1997.??.??"]
[Round "8"]
[White "Vatter, Hans Joachim"]
[Black "Kulaots, Kaido"]
[Result "0-1"]
[WhiteElo "2265"]
[BlackElo "2400"]

1.e4 c5 2.Nf3 d6 3.d4 cxd4 4.Nxd4 Nf6 5.Nc3 a6 6.Be3 Ng4 7.Bc1 Nf6 8.Be3 e5
9.Nf3 h6 10.Bc4 Be6 11.Bxe6 fxe6 12.a4 Nc6 13.a5 Be7 14.Bb6 Qc8 15.Nh4 Kf7
16.O-O Rf8 17.f4 exf4 18.Rxf4 Ne5 19.Bd4 Kg8 20.Rf1 Nfd7 21.Nf3 Bf6 22.Nxe5 Nxe5
23.Ne2 Qc6 24.Ng3 Rf7 25.c3 Raf8 26.Qe2 Nd7 27.Bxf6 Rxf6 28.Rxf6 Rxf6 29.Qe3 Ne5
30.Qd4 Rf8 31.h3 Rf3 32.Kh2 Rd3 33.Qf2 Qc5 34.Qf4 Nf3+ 35.Kh1 Qe5 36.Ne2 Ng5
37.Ra4 Rd1+ 38.Kh2 Qb5 39.e5 Qxe2 40.exd6 Rd2 41.Qg3 Nf3+  0-1

[Event "Dieren op"]
[Site "Dieren"]
[Date "1997.??.??"]
[Round "7"]
[White "Jonker, Marc"]
[Black "Bosboom, Manuel"]
[Result "0-1"]
[WhiteElo "2295"]
[BlackElo "2430"]

1.e4 c5 2.Nf3 d6 3.d4 cxd4 4.Nxd4 Nf6 5.Nc3 a6 6.Be3 e6 7.g4 h6 8.Bg2 Nc6
9.h3 Bd7 10.f4 Rc8 11.Qf3 b5 12.a3 Be7 13.O-O O-O 14.Rad1 Qa5 15.Nb3 Qc7
16.h4 h5 17.gxh5 b4 18.axb4 Nxb4 19.Rf2 a5 20.Nd4 Qb8 21.Kh1 Kh7 22.Rg1 Nc6
23.Ndb5 Rh8 24.Bf1 Kg8 25.Rg5 Kf8 26.Bd3 Nb4 27.Nd4 a4 28.Rfg2 a3 29.bxa3 Nxd3
30.cxd3 Rxc3 31.Rxg7 Qb1+ 32.Kh2 Qxd3 33.R7g3 Qxe4 34.Qe2 Rxe3  0-1

[Event "Dieren op"]
[Site "Dieren"]
[Date "1997.??.??"]
[Round "9"]
[White "Rytshagov, Mikhail"]
[Black "Bosboom, Manuel"]
[Result "1-0"]
[WhiteElo "2525"]
[BlackElo "2430"]

1.e4 c5 2.Nf3 d6 3.d4 cxd4 4.Nxd4 Nf6 5.Nc3 a6 6.Be3 e6 7.g4 h6 8.f4 Nc6
9.h3 Bd7 10.Qf3 Rc8 11.O-O-O Qc7 12.Bd3 b5 13.Rhe1 Be7 14.Kb1 Nxd4 15.Bxd4 b4
16.Ne2 e5 17.Be3 a5 18.Ng3 g6 19.Rf1 Qb7 20.g5 Nh7 21.fxe5 O-O 22.gxh6 dxe5
23.Nf5 Be6 24.Ba6 Qxa6 25.Nxe7+ Kh8 26.Nxc8 Rxc8 27.Rf2 Qa8 28.Rfd2 Kg8 29.Bb6 Nf8
30.Rd8 Qc6 31.R1d6 Bxa2+ 32.Kxa2 Qxc2 33.Qb3 Qxe4 34.Bxa5  1-0

[Event "Dieren op"]
[Site "Dieren"]
[Date "1997.??.??"]
[Round "9"]
[White "Meijere, Agnese"]
[Black "Hoeksema, Hendrik Pieter"]
[Result "0-1"]
[WhiteElo "2180"]
[BlackElo "2400"]

1.e4 c5 2.Nf3 d6 3.d4 cxd4 4.Nxd4 Nf6 5.Nc3 a6 6.Be3 e6 7.Qf3 Nbd7 8.O-O-O Qc7
9.Bd3 b5 10.a3 Rb8 11.Rhe1 b4 12.axb4 Rxb4 13.Qh3 Nc5 14.f3 e5 15.Nf5 Be6
16.g4 Qa5 17.Bxc5 dxc5 18.Qg3 c4 19.Bf1 Rxb2 20.Re3 Ba3 21.Nxg7+ Ke7 22.Nf5+ Bxf5
23.exf5 Rb5+ 24.Kd2 Bb4 25.g5 Bxc3+ 26.Rxc3 Rd8+ 27.Ke2 Rxd1 28.gxf6+ Kd6
29.Qg8 Qxc3 30.Qf8+ Kc6 31.Qc8+ Kb6 32.Qb8+ Ka5 33.Qc8 Ka4  0-1

[Event "Caledonian Masters"]
[Site "Edinburgh"]
[Date "1997.??.??"]
[Round "7"]
[White "Wang Pin"]
[Black "Berry, Neil"]
[Result "1-0"]
[WhiteElo "2380"]
[BlackElo "2150"]

1.e4 c5 2.Nf3 d6 3.d4 Nf6 4.Nc3 cxd4 5.Nxd4 a6 6.Be3 e5 7.Nf3 Qc7 8.a4 Be7
9.a5 Nbd7 10.Be2 O-O 11.O-O b5 12.axb6 Nxb6 13.Nd2 Bb7 14.Bxb6 Qxb6 15.Nc4 Qc7
16.Nd5 Nxd5 17.exd5 a5 18.Qd2 Bd8 19.c3 Qc5 20.Rfd1 Be7 21.b4 axb4 22.Rxa8 Rxa8
23.cxb4 Qd4 24.Qc1 Qe4 25.Bf3 Qf5 26.Nb6 Re8 27.Qc2 Ba6 28.Qc6 Rd8 29.b5 e4
30.Be2 Bh4 31.Rf1 Bc8 32.g4 Qf4 33.Nxc8 e3 34.f3 Bf2+ 35.Kg2 Qd4 36.Qc7 Rf8
37.Ne7+ Kh8 38.Qxd6 Qd2 39.Nf5 Ra8 40.Rxf2 exf2 41.Kxf2 Re8 42.Ng3 Qe3+ 43.Kg2 Qd2
44.b6 Rxe2+ 45.Nxe2 Qxe2+ 46.Kg3 Qe1+ 47.Kf4 Qc1+ 48.Kf5 Qc2+ 49.Ke5 Qc3+
50.Ke4 Qc4+ 51.Ke3 Qc3+ 52.Kf2 Qd2+ 53.Kg3 Qe1+ 54.Kh3 Qf1+ 55.Kh4 Qf2+ 56.Qg3 Qxb6
57.Qe1 Qh6+ 58.Kg3 Qd6+ 59.f4 Qa3+ 60.Kf2 g6 61.Qe5+ Kg8 62.d6 Qa7+ 63.Kf3 Qg1
64.Qe2 Qh1+ 65.Ke3 Qg1+ 66.Ke4 Qc5 67.Qd2 Qc4+ 68.Qd4 Qe2+ 69.Kd5 Qe6+ 70.Kc5 Qc8+
71.Kb5 Qb7+ 72.Qb6 Qd5+ 73.Qc5 Qb7+ 74.Ka5 Qa8+ 75.Kb6 Qb8+ 76.Ka5 Qa8+ 77.Kb4 Qb7+
78.Qb5 Qe4+ 79.Kc5 Qe3+ 80.Kc6 Qe4+ 81.Kb6 Qd4+ 82.Qc5 Qa4 83.Qc6 Qb4+ 84.Ka6 Qa3+
85.Kb7 Qb3+ 86.Kc7 Qb4 87.Qe8+ Kg7 88.Qe5+ Kg8 89.d7 Qc4+ 90.Kd8 Qb4 91.Kc8 Qc4+
92.Qc7 Qe6 93.Kb8 Qb3+ 94.Qb7  1-0

[Event "ROM-ch op (Women)"]
[Site "Eforie Nord"]
[Date "1997.??.??"]
[Round "?"]
[White "Brestoiu, Doina"]
[Black "Vasiesiu, Cristina"]
[Result "0-1"]
[WhiteElo "2070"]
[BlackElo "2155"]

1.e4 c5 2.Nf3 d6 3.d4 cxd4 4.Nxd4 Nf6 5.Nc3 a6 6.Be3 e6 7.Qd2 Be7 8.f3 O-O
9.g4 Nc6 10.O-O-O Nxd4 11.Qxd4 Nd7 12.Qd2 b5 13.h4 Qc7 14.g5 Bb7 15.Ne2 Ne5
16.Nd4 d5 17.f4 Nc4 18.Bxc4 dxc4 19.Qg2 c3 20.h5 e5 21.Ne2 cxb2+ 22.Kxb2 Rac8
23.c3 Qc4 24.Rd5 Bxd5 25.exd5 b4 26.fxe5 bxc3+ 27.Ka1 Ba3 28.g6 Bb2+ 29.Kb1 Qd3+  0-1

[Event "RUS-Cup5"]
[Site "Ekaterinburg"]
[Date "1997.??.??"]
[Round "7"]
[White "Beshukov, Sergei"]
[Black "Zasukhin, Vadim"]
[Result "1/2-1/2"]
[WhiteElo "2435"]
[BlackElo "2305"]

1.e4 c5 2.Nf3 d6 3.d4 cxd4 4.Nxd4 Nf6 5.Nc3 a6 6.Be3 g6 7.f3 Qb6 8.Qc1 Qc7
9.Qd2 Bg7 10.O-O-O b5 11.g4 Bb7 12.h4 h5 13.gxh5 Rxh5 14.Nce2 Nbd7 15.Bg5 Rh8
16.Nf4 Nc5 17.h5 O-O-O 18.h6 Nfxe4 19.fxe4 Nxe4 20.Nde6 Bxb2+ 21.Kxb2 fxe6
22.Nxe6 Nxd2 23.Nxc7 Bxh1 24.Ne6 Ne4 25.Bh3 Nxg5 26.Nxg5+ Kb8 27.Rxh1 Rxh6
28.Nf7 Rdh8 29.Nxh6 Rxh6 30.Bg2 Rxh1 31.Bxh1 Kc7 32.Kc3 e5 33.Bd5 Kb6 34.Kd3 Kc5
35.Bf7 g5 36.Ke4 a5 37.a3 b4 38.a4 g4 39.Bb3 g3 40.Kf3 Kd4 41.Kxg3 Ke3 42.Kg4 e4
43.Kf5 Kd4 44.Kf4 d5 45.Ba2 Kc3 46.Bxd5 Kxc2 47.Kxe4 Kb2 48.Kd4 Ka3 49.Bc6 b3
50.Kc3 b2  1/2-1/2

[Event "RUS-Cup5"]
[Site "Ekaterinburg"]
[Date "1997.??.??"]
[Round "7"]
[White "Varavin, Viktor"]
[Black "Fokin, Sergey"]
[Result "0-1"]
[WhiteElo "2505"]
[BlackElo "2380"]

1.e4 c5 2.Nf3 d6 3.d4 cxd4 4.Nxd4 Nf6 5.Nc3 a6 6.Be3 Ng4 7.Bg5 h6 8.Bh4 g5
9.Be2 Bg7 10.Bg3 h5 11.h3 h4 12.Bxg4 hxg3 13.Bxc8 gxf2+ 14.Kxf2 Qxc8 15.Nf5 Qc5+
16.Ke2 Bxc3 17.bxc3 Nc6 18.Rb1 b5 19.Qd2 Rg8 20.a4 bxa4 21.Rb7 Rd8 22.Qd3 e6
23.Nd4 Rc8 24.Rf1 Nd8 25.Rb4 Qxc3 26.Rxa4 g4 27.h4 g3 28.h5 Qc5 29.Rh1 Rg5
30.h6 Rh5 31.Raa1 Nc6 32.c3 Nxd4+ 33.cxd4 Qg5 34.Rxh5 Qxh5+ 35.Qf3 Qxh6 36.Kd3 Qg5
37.Rb1 Qa5  0-1